Reluktančný synchrónny motor

Guardado en:
Detalles Bibliográficos
Autores principales: Hrabovcová, Valéria (Autor), Ličko, Miroslav (Autor)
Formato: Libro
Lenguaje:eslovaco
Publicado: Žilina : Žilinská univerzita, 2001
Materias:
Etiquetas: Agregar Etiqueta
Sin Etiquetas, Sea el primero en etiquetar este registro!

MARC

LEADER 00000nam a22000003a 4500
001 stu76100
005 20150617225647.5
008 020614s2001----xo------------------slo-d
020 |a 80-7100-891-5 
040 |a STU  |b slo 
041 0 |a slo 
044 |a xo 
080 |a 621.313.32 
100 1 |a Hrabovcová, Valéria  |4 aut 
245 1 |a Reluktančný synchrónny motor 
260 |a Žilina :  |b Žilinská univerzita,  |c 2001 
300 |a 229 s 
650 7 |a synchrónne motory  |2 stusub 
700 1 |a Ličko, Miroslav  |4 aut 
996 |b 284EK85499  |c E*85499  |l EE04  |s P  |a 0  |w stu76100_0001 
996 |b 284EK84497  |c E*84497  |l EE01  |s A  |a 24  |w stu76100_0002 
996 |b 284EK84496  |c E*84496  |l EE0101  |s P  |a 0  |w stu76100_0003